[Event "Rated Blitz game"]
[Site "?"]
[Date "2021.10.09"]
[Round "?"]
[White "masssive_attack"]
[Black "GoughPhar"]
[Result "0-1"]
[WhiteElo "2440"]
[BlackElo "2460"]
[PlyCount "82"]
[EventDate "2021.??.??"]
[EventType "blitz"]

1. e4 e5 2. Nf3 d5 3. exd5 e4 4. Qe2 Nf6 5. d3 Qxd5 6. Nbd2 Be7 7. dxe4 Qd8 8.
e5 Nd5 9. c4 Nb4 10. Ne4 N8c6 11. a3 Na6 12. Be3 Bg4 13. Rd1 Qc8 14. Bf4 Qf5
15. Bg3 O-O 16. h3 Bh5 17. Qe3 Rfd8 18. Be2 Bg6 19. Nc3 Bc5 20. Qf4 Rxd1+ 21.
Bxd1 Qd3 22. Be2 Qc2 23. Qd2 Qb3 24. O-O Rd8 25. Qc1 Nd4 26. Nxd4 Bxd4 27. Rd1
Nc5 28. Nb5 Ne6 29. Bg4 Qxg3 30. Rxd4 Qxe5 31. Rxd8+ Nxd8 32. Qd2 Qe7 33. Nxa7
h5 34. Bf3 Ne6 35. Nc8 Nc5 36. Nxe7+ Kh7 37. Qd8 Ne6 38. Qd7 Kh6 39. Bd5 Nf4
40. Bxf7 Ne2+ 41. Kf1 Ng3+ {Time forfeit} 0-1

[Event "Rated Blitz game"]
[Site "?"]
[Date "2021.10.09"]
[Round "?"]
[White "Avanti1914"]
[Black "Benny_Watts_2005"]
[Result "0-1"]
[WhiteElo "2414"]
[BlackElo "2414"]
[PlyCount "22"]
[EventDate "2021.??.??"]
[EventType "blitz"]

1. e4 e5 2. Nf3 d5 3. exd5 e4 4. Qe2 Nf6 5. d3 Qxd5 6. Nc3 Bb4 7. Bd2 Bxc3 8.
Bxc3 O-O 9. dxe4 Nxe4 10. Qc4 Nxc3 11. bxc3 Re8+ {Normal} 0-1

[Event "Rated Blitz game"]
[Site "?"]
[Date "2021.10.09"]
[Round "?"]
[White "tupeteetupetejunior"]
[Black "Rikoboy"]
[Result "0-1"]
[WhiteElo "2278"]
[BlackElo "2414"]
[PlyCount "26"]
[EventDate "2021.??.??"]
[EventType "blitz"]

1. e4 e5 2. Nf3 d5 3. Nxe5 Bd6 4. d4 dxe4 5. Bc4 Bxe5 6. dxe5 Qxd1+ 7. Kxd1 Nc6
8. Bf4 Nge7 9. Nc3 Bf5 10. h3 Ng6 11. Nd5 O-O-O 12. g4 Nxf4 13. gxf5 Nxd5 {
Normal} 0-1

[Event "Rated Blitz game"]
[Site "?"]
[Date "2021.10.09"]
[Round "?"]
[White "buddaaaa"]
[Black "RCompany_1"]
[Result "0-1"]
[WhiteElo "2499"]
[BlackElo "2467"]
[PlyCount "32"]
[EventDate "2021.??.??"]
[EventType "blitz"]

1. e4 e5 2. Nf3 d5 3. Nxe5 Bd6 4. d4 dxe4 5. Nc4 Be7 6. Nc3 Nf6 7. Bg5 O-O 8.
Bxf6 Bxf6 9. Nxe4 Bxd4 10. c3 Re8 11. f3 Bf6 12. Qxd8 Bxd8 13. O-O-O Nc6 14.
Ne3 f5 15. Bc4+ Be6 16. Ng5 Bxg5 {Normal} 0-1

[Event "Rated Blitz tournament wmsrjTop"]
[Site "?"]
[Date "2021.10.09"]
[Round "?"]
[White "Vorona123"]
[Black "batasjon"]
[Result "0-1"]
[WhiteElo "2283"]
[BlackElo "2421"]
[PlyCount "60"]
[EventDate "2021.??.??"]
[EventType "blitz"]

1. e4 e5 2. Nf3 d5 3. Nxe5 Bd6 4. d4 dxe4 5. Bc4 Bxe5 6. dxe5 Qxd1+ 7. Kxd1 Nc6
8. Bf4 Nge7 9. Ke2 Ng6 10. g3 Ncxe5 11. Bb3 Bg4+ 12. Ke3 Bf3 13. Re1 Ng4+ 14.
Kd4 O-O-O+ 15. Kc3 Nxf2 16. Nd2 Nh3 17. Nxe4 Nhxf4 18. gxf4 Nxf4 19. Ng5 Bd5
20. Bxd5 Nxd5+ 21. Kb3 Rd7 22. c4 Nb6 23. a4 h6 24. Ne4 Rd3+ 25. Kc2 Rh3 26. b3
Rxh2+ 27. Kc3 a5 28. Rad1 Rd8 29. c5 Nd5+ 30. Kc4 Ne3+ {Normal} 0-1

[Event "Rated Blitz game"]
[Site "?"]
[Date "2021.10.09"]
[Round "?"]
[White "Mrios"]
[Black "Dzon_Vejn"]
[Result "1-0"]
[WhiteElo "2569"]
[BlackElo "2488"]
[PlyCount "83"]
[EventDate "2021.??.??"]
[EventType "blitz"]

1. e4 e5 2. Nf3 d5 3. Nxe5 Bd6 4. d4 dxe4 5. Nc4 Be7 6. Nc3 Nf6 7. Bg5 Bf5 8.
Ne3 Bg6 9. d5 Nbd7 10. Qd2 h6 11. Bf4 a6 12. a4 O-O 13. Be2 Bd6 14. Bg3 Ne5 15.
O-O Re8 16. b3 Qd7 17. Rad1 Rad8 18. Qd4 Kh7 19. Rfe1 Qe7 20. Bf1 Bc5 21. Qd2
Bb4 22. Qd4 c5 23. Qd2 Rd7 24. d6 Qd8 25. Nc4 Nxc4 26. Bxc4 Qa5 27. Re3 Ng4 28.
Rde1 Nxe3 29. Rxe3 f5 30. h4 Red8 31. Bf4 b5 32. axb5 axb5 33. Be6 Bf7 34. Bxd7
Rxd7 35. Rg3 g6 36. Bxh6 Qb6 37. Bf4 Qa5 38. h5 Kg7 39. hxg6 Bxg6 40. Be5+ Kh7
41. Qg5 Bxc3 42. Qxg6# {Normal} 1-0

[Event "Rated Rapid game"]
[Site "?"]
[Date "2021.10.09"]
[Round "?"]
[White "ThePhoenixBird"]
[Black "Dr_Lenk"]
[Result "1-0"]
[WhiteElo "2418"]
[BlackElo "2262"]
[PlyCount "69"]
[EventDate "2021.??.??"]
[EventType "rapid"]

1. e4 e5 2. Nf3 d5 3. exd5 e4 4. Qe2 Nf6 5. d3 Qxd5 6. Nbd2 Nc6 7. Nxe4 Nxe4 8.
dxe4 Qe6 9. Bd2 Bb4 10. Bxb4 Nxb4 11. Qb5+ Nc6 12. Bd3 O-O 13. O-O Bd7 14. Qg5
h6 15. Qe3 Nb4 16. Nd4 Qg6 17. e5 Nxd3 18. Qxd3 Qxd3 19. cxd3 Rad8 20. Nf3 Bg4
21. Rfd1 Bxf3 22. gxf3 Rfe8 23. f4 g5 24. fxg5 hxg5 25. d4 c5 26. dxc5 Rxd1+
27. Rxd1 Rxe5 28. Rd7 Rxc5 29. Rxb7 a5 30. a3 Kg7 31. b4 Rc1+ 32. Kg2 Rb1 33.
Rb5 a4 34. Rxg5+ Kf6 35. Ra5 {Normal} 1-0

[Event "Rated Blitz game"]
[Site "?"]
[Date "2021.10.09"]
[Round "?"]
[White "twogamesperday"]
[Black "Kiridima123"]
[Result "1/2-1/2"]
[WhiteElo "2395"]
[BlackElo "2430"]
[PlyCount "94"]
[EventDate "2021.??.??"]
[EventType "blitz"]

1. e4 e5 2. Nf3 d5 3. Nxe5 Bd6 4. d4 Nf6 5. exd5 O-O 6. Bd3 Re8 7. O-O Nxd5 8.
Bxh7+ Kf8 9. Nxf7 Bxh2+ 10. Kxh2 Qh4+ 11. Kg1 Kxf7 12. Qf3+ Nf6 13. Bd3 Nc6 14.
Bc4+ Kg6 15. c3 Rh8 16. Qg3+ Qxg3 17. fxg3 Bf5 18. Bf4 Ne7 19. Nd2 c6 20. Nf3
Ned5 21. Ne5+ Kh7 22. Kf2 Ne4+ 23. Kf3 g5 24. Bd3 gxf4 25. Bxe4 Bxe4+ 26. Kxe4
fxg3 27. Rf7+ Kg8 28. Rxb7 Rf8 29. Nxc6 Nf6+ 30. Kd3 Rh2 31. Ne7+ Kg7 32. Nf5+
Kg6 33. Ne3 Nh5 34. Rxa7 Nf4+ 35. Kc4 Nxg2 36. Nxg2 Rxg2 37. Re1 Rgf2 38. Re6+
R8f6 39. Rxf6+ Kxf6 40. Ra8 Kf7 41. Ra5 Kf6 42. Ra6+ Kf7 43. Ra7+ Kf6 44. Ra8
Kf7 45. Ra5 Kf6 46. Ra6+ Kf7 47. Ra7+ Kf6 {Normal} 1/2-1/2

[Event "Rated Blitz game"]
[Site "?"]
[Date "2021.10.09"]
[Round "?"]
[White "gzivan65"]
[Black "Rikoboy"]
[Result "1-0"]
[WhiteElo "2347"]
[BlackElo "2426"]
[PlyCount "107"]
[EventDate "2021.??.??"]
[EventType "blitz"]

1. e4 e5 2. Nf3 d5 3. Nxe5 Bd6 4. d4 dxe4 5. Nc4 Nf6 6. Nxd6+ Qxd6 7. Nc3 O-O
8. Be2 Nc6 9. Be3 Bf5 10. O-O Rad8 11. Nb5 Qd7 12. c3 Nd5 13. Bg5 f6 14. Bh4
Nf4 15. Bg3 g5 16. Bc4+ Kh8 17. a4 a6 18. Na3 Bg4 19. Qd2 Qf5 20. Nc2 Nxg2 21.
Kxg2 Bh3+ 22. Kg1 Qf3 23. Ne1 Qh5 24. Be2 Qg6 25. Ng2 f5 26. Bxc7 f4 27. f3 e3
28. Qd3 Rd7 29. Bb6 Bf5 30. Qd1 h5 31. Kh1 h4 32. Rg1 Qh5 33. d5 Ne7 34. Bd4+
Kh7 35. c4 Ng6 36. b4 h3 37. Ne1 Nh4 38. Ra3 Rg8 39. Bf6 g4 40. Bxh4 Qxh4 41.
fxg4 Be4+ 42. Nf3 Rxg4 43. Bd3 Rxg1+ 44. Qxg1 Bxd3 45. Ng5+ Kh8 46. Rxd3 e2 47.
Nf3 Qf2 48. Qxf2 Re7 49. Ne1 b5 50. Rxh3+ Kg7 51. Qxf4 Rf7 52. Rg3+ Kf8 53.
Qd6+ Ke8 54. Re3+ {Time forfeit} 1-0

[Event "Rated Blitz tournament 2hOs8hjV"]
[Site "?"]
[Date "2021.10.09"]
[Round "?"]
[White "atroopat01"]
[Black "Razario90"]
[Result "1-0"]
[WhiteElo "2405"]
[BlackElo "2317"]
[PlyCount "137"]
[EventDate "2021.??.??"]
[EventType "blitz"]

1. e4 e5 2. Nf3 d5 3. Nxe5 dxe4 4. d4 Bd6 5. f4 exf3 6. Nxf3 Nf6 7. Bd3 O-O 8.
O-O Nc6 9. c3 Bg4 10. Bg5 h6 11. Bh4 Be7 12. Qc2 Nd5 13. Bg3 Ne3 14. Qe2 Nxf1
15. Qxf1 Bd6 16. Bh4 Qe8 17. Nbd2 Qe3+ 18. Kh1 Bxf3 19. Nxf3 Rae8 20. Re1 Qf4
21. Bg3 Qf6 22. Rxe8 Rxe8 23. Bh4 Qf4 24. Bg3 Qe3 25. Bf2 Qe7 26. Bb5 a6 27.
Ba4 Qe2 28. Qg1 Qxb2 29. c4 Re2 30. Bh4 b5 31. cxb5 axb5 32. Bb3 Na5 33. Bd5
Nc4 34. Ne5 Nxe5 35. dxe5 Bxe5 36. Bb3 Qd2 37. Bd1 Re4 38. Bf2 Bd4 39. Bxd4
Qxd4 40. Bf3 Qxg1+ 41. Kxg1 Ra4 42. Bd5 b4 43. Kf2 Ra3 44. h3 Kf8 45. Ke2 f6
46. Kd2 Ke7 47. Kc2 Kd6 48. Bc4 Rc3+ 49. Kb2 Rxc4 50. Kb3 Rf4 51. g3 Rf2 52. h4
Rg2 53. g4 Rxg4 54. h5 Rh4 55. a3 Kc5 56. axb4+ Rxb4+ 57. Kc3 Rd4 58. Kb3 c6
59. Kc3 Kd5 60. Kb3 Rc4 61. Kb2 Kc5 62. Kb3 Kb5 63. Ka3 Rb4 64. Ka2 Kc4 65. Ka3
Kc3 66. Ka2 c5 67. Ka3 Kc2 68. Ka2 Kc3 69. Ka3 {Time forfeit} 1-0

[Event "Rated Blitz tournament wmsrjTop"]
[Site "?"]
[Date "2021.10.09"]
[Round "?"]
[White "hacheg"]
[Black "batasjon"]
[Result "0-1"]
[WhiteElo "2310"]
[BlackElo "2422"]
[PlyCount "62"]
[EventDate "2021.??.??"]
[EventType "blitz"]

1. e4 e5 2. Nf3 d5 3. Nxe5 Bd6 4. d4 dxe4 5. Bf4 Nf6 6. Bc4 O-O 7. Nc3 Nc6 8.
Nxc6 bxc6 9. Bg5 Bf5 10. O-O h6 11. Bh4 Re8 12. Re1 Rb8 13. Bb3 Rb4 14. a3 Rxd4
15. Qe2 g5 16. Bg3 Bf4 17. Qa6 e3 18. fxe3 Rxe3 19. Kh1 Rxe1+ 20. Rxe1 Bxg3 21.
hxg3 Qd6 22. Ne2 Re4 23. Qd3 Qe5 24. Qd8+ Kg7 25. Qd2 Bg4 26. Qc3 Qxc3 27. bxc3
Rxe2 28. Rf1 Be6 29. c4 Ne4 30. Rf3 g4 31. Rd3 Nf2+ {Normal} 0-1

[Event "Rated Blitz game"]
[Site "?"]
[Date "2021.10.09"]
[Round "?"]
[White "buddaaaa"]
[Black "RCompany_1"]
[Result "1-0"]
[WhiteElo "2488"]
[BlackElo "2467"]
[PlyCount "75"]
[EventDate "2021.??.??"]
[EventType "blitz"]

1. e4 e5 2. Nf3 d5 3. Nxe5 Bd6 4. d4 dxe4 5. Nc4 Be7 6. Bf4 Nf6 7. Nc3 O-O 8.
Ne3 Nbd7 9. Ncd5 Nxd5 10. Nxd5 Bd6 11. Bxd6 cxd6 12. c4 f5 13. g3 Nf6 14. Be2
Nxd5 15. cxd5 f4 16. gxf4 Rxf4 17. Qd2 Qf6 18. Qe3 Bd7 19. O-O-O Rf8 20. Rdf1
Qf5 21. Rhg1 Qxd5 22. b3 Qa5 23. Kb2 d5 24. Rg5 h6 25. Rxd5 Qxd5 26. Bc4 Be6
27. Bxd5 Bxd5 28. Ka3 a6 29. Qg3 Kh7 30. Rg1 g5 31. h4 g4 32. h5 Be6 33. Qh4
R8f7 34. Rd1 Bd5 35. Qd8 Bc6 36. d5 Rd7 37. Qe8 Bxd5 38. Qxd7+ {Normal} 1-0

[Event "Rated Blitz game"]
[Site "?"]
[Date "2021.10.09"]
[Round "?"]
[White "taras1977"]
[Black "Benny_Watts_2005"]
[Result "1-0"]
[WhiteElo "2488"]
[BlackElo "2417"]
[PlyCount "66"]
[EventDate "2021.??.??"]
[EventType "blitz"]

1. e4 e5 2. Nf3 d5 3. Nxe5 Bd6 4. d4 dxe4 5. Nc4 Nc6 6. Nc3 Bb4 7. Be3 Nf6 8.
Be2 Nd5 9. Qd2 Bxc3 10. bxc3 f5 11. O-O O-O 12. g3 Be6 13. Bg5 Qe8 14. Ne3 h6
15. Nxd5 Bxd5 16. c4 Bf7 17. Bf4 Rd8 18. c3 Ne5 19. Bxe5 Qxe5 20. Qf4 Qa5 21.
Rfc1 c6 22. c5 Be6 23. Rab1 Qxa2 24. Bh5 Rd7 25. c4 Bxc4 26. Ra1 Qb3 27. Rab1
Qa2 28. Ra1 Qb3 29. Rab1 Qa4 30. Ra1 Ba2 31. Qd2 Qxd4 32. Qxa2+ Kh7 33. Rd1
Rfd8 {Normal} 1-0

[Event "Rated Blitz tournament wmsrjTop"]
[Site "?"]
[Date "2021.10.09"]
[Round "?"]
[White "Vol1946Vol"]
[Black "Annali-annaliew1979"]
[Result "0-1"]
[WhiteElo "2255"]
[BlackElo "2428"]
[PlyCount "42"]
[EventDate "2021.??.??"]
[EventType "blitz"]

1. e4 e5 2. Nf3 d5 3. exd5 e4 4. Nd4 c5 5. Ne2 f5 6. c4 Nf6 7. Nbc3 a6 8. g3
Bd6 9. Bg2 O-O 10. O-O Nbd7 11. d3 Ne5 12. dxe4 fxe4 13. b3 Nf3+ 14. Kh1 Bg4
15. Qc2 Qe8 16. Bf4 Qh5 17. h4 Nd4 18. Nxd4 Bxf4 19. gxf4 Qxh4+ 20. Kg1 cxd4
21. Ne2 d3 {Normal} 0-1

[Event "Rated Blitz tournament wmsrjTop"]
[Site "?"]
[Date "2021.10.09"]
[Round "?"]
[White "destroyer_13"]
[Black "Annali-annaliew1979"]
[Result "0-1"]
[WhiteElo "2254"]
[BlackElo "2427"]
[PlyCount "130"]
[EventDate "2021.??.??"]
[EventType "blitz"]

1. e4 e5 2. Nf3 d5 3. Nxe5 Qe7 4. d4 f6 5. Qh5+ g6 6. Nxg6 Qxe4+ 7. Be2 Qxg6 8.
Qxd5 Ne7 9. Qb3 Nbc6 10. c3 Bf5 11. Nd2 O-O-O 12. f3 h5 13. Nc4 Nd5 14. Ne3
Nxe3 15. Bxe3 Re8 16. Kf2 Bh6 17. Bxh6 Qxh6 18. Rae1 Qe3+ 19. Kf1 Bd3 20. Qd1
Bxe2+ 21. Rxe2 Qxe2+ 22. Qxe2 Rxe2 23. Kxe2 Re8+ 24. Kf2 h4 25. g3 f5 26. gxh4
f4 27. Rg1 Ne7 28. Rg4 Rf8 29. h5 Nf5 30. Rxf4 Kd7 31. h6 Ke6 32. h4 c6 33. h5
Rh8 34. Re4+ Kf6 35. a4 Rxh6 36. b4 Rxh5 37. c4 Rh2+ 38. Kg1 Ra2 39. d5 cxd5
40. cxd5 Rd2 41. Re6+ Kg5 42. d6 Rxd6 43. Re8 Kf4 44. Ra8 a6 45. Ra7 Rb6 46. b5
axb5 47. a5 Ra6 48. Rxb7 Rxa5 49. Kf2 Ra2+ 50. Kf1 Kxf3 51. Ke1 Rb2 52. Kd1 Nd4
53. Ke1 Ke3 54. Kf1 b4 55. Re7+ Kd3 56. Ke1 b3 57. Rd7 Rh2 58. Rb7 b2 59. Rb6
Rh1+ 60. Kf2 b1=Q 61. Kg3 Qxb6 62. Kf4 Re1 63. Kg5 Rf1 64. Kg4 Qg6+ 65. Kh4
Rh1# {Normal} 0-1

[Event "Rated Blitz game"]
[Site "?"]
[Date "2021.10.09"]
[Round "?"]
[White "skrillexstyle"]
[Black "Benny_Watts_2005"]
[Result "1-0"]
[WhiteElo "2540"]
[BlackElo "2413"]
[PlyCount "127"]
[EventDate "2021.??.??"]
[EventType "blitz"]

1. e4 e5 2. Nf3 d5 3. d3 dxe4 4. dxe4 Qxd1+ 5. Kxd1 Nc6 6. c3 Bg4 7. Be2 O-O-O+
8. Kc2 f5 9. Nbd2 fxe4 10. Nxe4 Bf5 11. Bd3 Nf6 12. Nfd2 Nxe4 13. Bxe4 Bxe4+
14. Nxe4 Be7 15. Be3 Rhf8 16. b4 a6 17. a4 Rd5 18. Kb3 Rd3 19. Kc4 Rfd8 20. a5
h6 21. Rhb1 Bf8 22. b5 axb5+ 23. Rxb5 Nb8 24. Rab1 Nc6 25. Bc5 Bxc5 26. Nxc5
Rd2 27. Nxb7 e4 28. a6 Ra2 29. Nxd8 Kxd8 30. Kd5 Ne7+ 31. Kxe4 Rxa6 32. Rd1+
Ke8 33. Rd3 Re6+ 34. Re5 Kf7 35. Rf3+ Rf6 36. Rxf6+ Kxf6 37. Rc5 c6 38. f4 Ke6
39. g4 g6 40. h4 Kd6 41. Re5 Nd5 42. Rxd5+ cxd5+ 43. Kd4 Kc6 44. f5 gxf5 45.
gxf5 Kd6 46. f6 Ke6 47. f7 Kxf7 48. Kxd5 Kf6 49. c4 Ke7 50. c5 Kd7 51. Ke5 Kc7
52. Kf6 Kc6 53. Kg6 Kxc5 54. Kxh6 Kd6 55. Kg7 Ke7 56. h5 Ke6 57. h6 Kf5 58. h7
Kg4 59. h8=Q Kf5 60. Qg8 Ke4 61. Qf8 Kd4 62. Qe7 Kc4 63. Qd7 Kc5 64. Qd8 {
Normal} 1-0

[Event "Rated Blitz game"]
[Site "?"]
[Date "2021.10.09"]
[Round "?"]
[White "Cesmaster"]
[Black "Vihajaisestatulesta"]
[Result "1-0"]
[WhiteElo "2531"]
[BlackElo "2496"]
[PlyCount "71"]
[EventDate "2021.??.??"]
[EventType "blitz"]

1. e4 e5 2. Nf3 d5 3. Nxe5 dxe4 4. d4 exd3 5. Bxd3 Nf6 6. O-O Nc6 7. Nxc6 bxc6
8. Re1+ Be6 9. Qf3 Qd6 10. Bf4 Qc5 11. Nc3 O-O-O 12. Be3 Qd6 13. Bxa7 Nd5 14.
Ne4 Qb4 15. a3 Qa4 16. Bc5 h5 17. b3 Qa5 18. b4 Qa4 19. Bxf8 Rdxf8 20. Nc5 Qa7
21. Bf5 Kb8 22. c4 Nb6 23. Bxe6 fxe6 24. Qxc6 Rf6 25. h3 e5 26. Nd7+ Nxd7 27.
Qxd7 Qxf2+ 28. Kh1 Rhf8 29. Qb5+ Kc8 30. Qxe5 Rf3 31. Qe6+ Kb8 32. Qe2 Qg3 33.
gxf3 Rxf3 34. Qg2 Qf4 35. Rf1 Qf6 36. Qxf3 {Normal} 1-0

[Event "Rated Blitz game"]
[Site "?"]
[Date "2021.10.09"]
[Round "?"]
[White "Alenee"]
[Black "Engvangchess"]
[Result "1-0"]
[WhiteElo "2526"]
[BlackElo "2351"]
[PlyCount "78"]
[EventDate "2021.??.??"]
[EventType "blitz"]

1. e4 e5 2. Nf3 d5 3. Nxe5 Bd6 4. d4 dxe4 5. Nc3 Nf6 6. Bg5 Bf5 7. Bc4 O-O 8.
O-O c5 9. Nxf7 Rxf7 10. dxc5 Be7 11. Bxf6 Bxf6 12. Bxf7+ Kxf7 13. Nd5 Nc6 14.
c3 Be5 15. Ne3 Be6 16. Qh5+ Kg8 17. Rad1 Qf6 18. Ng4 Bxg4 19. Qxg4 Re8 20. Rd7
Re7 21. Rfd1 h6 22. Rxe7 Qxe7 23. g3 Qxc5 24. Qxe4 Qe7 25. h4 Qf6 26. Kg2 a6
27. f4 Bb8 28. Rd7 b5 29. h5 b4 30. Qd5+ Kh7 31. Rf7 Qd6 32. Qf5+ Kg8 33. Rd7
Qf6 34. Qxf6 gxf6 35. cxb4 Nxb4 36. Rd8+ Kf7 37. Rxb8 Nxa2 38. Rb7+ Kg8 39. Rb6
a5 {Normal} 1-0

[Event "Rated Blitz game"]
[Site "?"]
[Date "2021.10.09"]
[Round "?"]
[White "skakist1s"]
[Black "Annali-annaliew1979"]
[Result "1-0"]
[WhiteElo "2415"]
[BlackElo "2430"]
[PlyCount "77"]
[EventDate "2021.??.??"]
[EventType "blitz"]

1. e4 e5 2. Nf3 d5 3. d4 dxe4 4. Nxe5 Bd6 5. Nc4 Nf6 6. Be2 h6 7. O-O O-O 8. f3
Nc6 9. c3 Bf5 10. Nxd6 cxd6 11. Nd2 d5 12. fxe4 Bxe4 13. Nxe4 Nxe4 14. Bf4 Qd7
15. Bf3 Rfe8 16. Qd3 a6 17. Rae1 f5 18. g4 fxg4 19. Bxe4 dxe4 20. Rxe4 Rxe4 21.
Qxe4 Re8 22. Qg6 Re2 23. Bd6 Re8 24. Rf4 h5 25. Rf5 Nd8 26. Rxh5 Re1+ 27. Kf2
Qe6 28. Qh7+ Kf7 29. Rf5+ Ke8 30. Re5 Rxe5 31. Bxe5 Nf7 32. Qe4 Nd6 33. Qf4 Nf7
34. Bxg7 Nd6 35. Qe5 Ne4+ 36. Ke3 Qxe5 37. Bxe5 Ng5 38. Kf4 Nf3 39. Kxg4 {
Normal} 1-0

[Event "Rated Blitz game"]
[Site "?"]
[Date "2021.10.09"]
[Round "?"]
[White "gtomov"]
[Black "Nepsuliini"]
[Result "0-1"]
[WhiteElo "2470"]
[BlackElo "2327"]
[PlyCount "96"]
[EventDate "2021.??.??"]
[EventType "blitz"]

1. e4 e5 2. Nf3 d5 3. exd5 Bd6 4. d4 e4 5. Ne5 Nf6 6. Bb5+ c6 7. dxc6 bxc6 8.
Bc4 Bxe5 9. dxe5 Qxd1+ 10. Kxd1 Ng4 11. Ke2 Nxe5 12. Bb3 Ba6+ 13. Ke1 Nbd7 14.
Be3 O-O-O 15. Nc3 f5 16. Na4 Kb7 17. Rd1 Bb5 18. Nc5+ Nxc5 19. Bxc5 Rxd1+ 20.
Kxd1 Rd8+ 21. Kc1 Ng4 22. h3 Nf6 23. c4 Ba6 24. Rd1 Rxd1+ 25. Kxd1 Nd7 26. Bd4
g6 27. Kd2 c5 28. Be3 Kc6 29. Ba4+ Kd6 30. Bf4+ Ke6 31. Kc3 Ne5 32. b3 Bb7 33.
Be3 Nd3 34. a3 f4 35. Bd2 g5 36. b4 cxb4+ 37. axb4 Nxf2 38. Kd4 e3 39. Be1 Bxg2
40. c5 Bxh3 41. c6 Kd6 42. b5 Bf1 43. Bb4+ Kc7 44. Ba5+ Kc8 45. c7 Bh3 46. Bb4
Ng4 47. Bd6 e2 48. Bc2 Ne3 {Time forfeit} 0-1

[Event "Rated Blitz tournament wmsrjTop"]
[Site "?"]
[Date "2021.10.09"]
[Round "?"]
[White "Shuhratullo"]
[Black "batasjon"]
[Result "0-1"]
[WhiteElo "2350"]
[BlackElo "2424"]
[PlyCount "94"]
[EventDate "2021.??.??"]
[EventType "blitz"]

1. e4 e5 2. Nf3 d5 3. exd5 e4 4. Qe2 Nf6 5. c4 Be7 6. Nd4 O-O 7. Nc3 Bc5 8. Nb3
Bg4 9. f3 exf3 10. gxf3 Re8 11. fxg4 Rxe2+ 12. Bxe2 Nxg4 13. Nxc5 Qh4+ 14. Kd1
Nf2+ 15. Kc2 Nxh1 16. Nxb7 Nd7 17. Na5 Qxh2 18. b3 Re8 19. Bd3 Nc5 20. b4 Nxd3
21. Kxd3 h5 22. Ba3 h4 23. Nc6 h3 24. Nd4 Nf2+ 25. Kc2 Ne4 26. Nxe4 Rxe4 27.
Nf5 Qe5 28. Rf1 h2 29. Bb2 Qxf5 30. Rxf5 h1=Q 31. Rg5 g6 32. a3 Rxc4+ 33. Kb3
Rf4 34. Re5 f6 35. Re7 Qxd5+ 36. Ka4 a5 37. Rxc7 axb4 38. axb4 Qxd2 39. Bc3
Qc2+ 40. Kb5 Qe2+ 41. Kb6 Rc4 42. Rxc4 Qxc4 43. Bxf6 Qe6+ 44. Ka7 Qxf6 45. b5
g5 46. b6 Qxb6+ 47. Kxb6 g4 {Normal} 0-1

[Event "Rated Blitz game"]
[Site "?"]
[Date "2021.10.09"]
[Round "?"]
[White "pacherock"]
[Black "RiskyBlitzer"]
[Result "0-1"]
[WhiteElo "2534"]
[BlackElo "2493"]
[PlyCount "34"]
[EventDate "2021.??.??"]
[EventType "blitz"]

1. e4 e5 2. Nf3 d5 3. exd5 e4 4. Qe2 Qe7 5. Nd4 Nf6 6. Nc3 Qe5 7. Ndb5 a6 8. d4
Qe7 9. Na3 b5 10. Bg5 b4 11. Nxe4 Qxe4 12. Bxf6 Qxe2+ 13. Bxe2 bxa3 14. Be5
axb2 15. Rb1 Bb4+ 16. Kd1 Ba3 17. c4 Bf5 {Normal} 0-1

[Event "Rated Blitz game"]
[Site "?"]
[Date "2021.10.09"]
[Round "?"]
[White "Orian21"]
[Black "Rikoboy"]
[Result "0-1"]
[WhiteElo "2364"]
[BlackElo "2413"]
[PlyCount "54"]
[EventDate "2021.??.??"]
[EventType "blitz"]

1. e4 e5 2. Nf3 d5 3. Nc3 dxe4 4. Nxe4 f5 5. Ng3 e4 6. Ng1 Be6 7. d3 exd3 8.
Bxd3 Nc6 9. Nxf5 Bxf5 10. Bxf5 Qxd1+ 11. Kxd1 Bc5 12. Be3 Bxe3 13. fxe3 Nge7
14. Bd3 O-O-O 15. Nf3 Nd5 16. Ke2 Rhe8 17. e4 Ncb4 18. g3 Nf6 19. Ke3 Nxe4 20.
Bxe4 Nxc2+ 21. Kf4 Nxa1 22. Rxa1 h6 23. h4 Rd6 24. Bf5+ Kb8 25. Rc1 Rf6 26. Kg4
g6 27. Bb1 h5+ {Normal} 0-1

[Event "Rated Blitz game"]
[Site "?"]
[Date "2021.10.09"]
[Round "?"]
[White "MensWearhouseGuy"]
[Black "lavilaine"]
[Result "1-0"]
[WhiteElo "2401"]
[BlackElo "2426"]
[PlyCount "65"]
[EventDate "2021.??.??"]
[EventType "blitz"]

1. e4 e5 2. Nf3 d5 3. exd5 e4 4. Qe2 f5 5. d3 Nf6 6. dxe4 fxe4 7. Nc3 Bd6 8.
Nxe4 O-O 9. Bg5 Re8 10. Nxf6+ gxf6 11. Be3 Bg4 12. O-O-O Nd7 13. h3 Bh5 14. g4
Bf7 15. Bg2 a5 16. Nh4 a4 17. Nf5 a3 18. b3 Be5 19. Qd2 Nb6 20. Bd4 Bxd5 21.
Bxe5 Rxe5 22. f4 Qe8 23. fxe5 Qxe5 24. Nd4 c5 25. Bxd5+ Nxd5 26. Rhe1 Qc7 27.
Nf5 Nb4 28. Re7 Nxa2+ 29. Kb1 Nc3+ 30. Qxc3 a2+ 31. Ka1 Rd8 32. Rxc7 Rxd1+ 33.
Kxa2 {Normal} 1-0

[Event "Rated Blitz game"]
[Site "?"]
[Date "2021.10.09"]
[Round "?"]
[White "erginyildiz"]
[Black "foguetada"]
[Result "0-1"]
[WhiteElo "2400"]
[BlackElo "2362"]
[PlyCount "104"]
[EventDate "2021.??.??"]
[EventType "blitz"]

1. e4 e5 2. Nf3 d5 3. Nxe5 Qe7 4. d4 f6 5. Nf3 dxe4 6. Nfd2 Nc6 7. Bb5 Bd7 8.
c3 g5 9. O-O f5 10. Nc4 O-O-O 11. Qa4 Kb8 12. Re1 f4 13. d5 Ne5 14. Bxd7 Nxd7
15. Na5 Ngf6 16. c4 Nb6 17. Qb3 Qb4 18. Bd2 Qxb3 19. axb3 Bg7 20. Bc3 Rhg8 21.
Nd2 Rde8 22. Rad1 Nbd7 23. b4 Kc8 24. Nab3 Nb6 25. Nd4 e3 26. fxe3 fxe3 27.
N2f3 Nxc4 28. Ne6 Nh5 29. Nxg7 Nxg7 30. Rd4 b5 31. Nxg5 Nf5 32. Rg4 h6 33. Rf4
Rxg5 34. Bf6 Rh5 35. g4 Rg8 36. Kh1 Rh4 37. Rxf5 Rhxg4 38. Be5 Kb7 39. Bg3 h5
40. d6 cxd6 41. Rf7+ Kc6 42. Rf6 Kd5 43. Rd1+ Rd4 44. Rxd4+ Kxd4 45. Rf4+ Kd3
46. Rd4+ Ke2 47. Rd2+ Kf3 48. Rf2+ exf2 49. Bxf2 Ke2 50. h4 Rf8 51. Kh2 Rxf2+
52. Kh3 Kf3 {Time forfeit} 0-1

[Event "Rated Blitz game"]
[Site "?"]
[Date "2021.10.09"]
[Round "?"]
[White "LTop"]
[Black "Annali-annaliew1979"]
[Result "0-1"]
[WhiteElo "2446"]
[BlackElo "2435"]
[PlyCount "84"]
[EventDate "2021.??.??"]
[EventType "blitz"]

1. e4 e5 2. Nf3 d5 3. Nxe5 Qe7 4. d4 f6 5. Nf3 dxe4 6. Ng1 f5 7. Bc4 Nf6 8. Bg5
Nc6 9. c3 Qd6 10. Ne2 Be7 11. Bf4 Qd8 12. h4 Na5 13. Bb5+ c6 14. Ba4 b5 15. Bc2
O-O 16. h5 h6 17. Qd2 Be6 18. b3 Nd5 19. a4 Nxf4 20. Nxf4 Bf7 21. axb5 cxb5 22.
c4 Nc6 23. d5 Nb4 24. Nc3 a6 25. Rd1 Bg5 26. g3 Bxf4 27. gxf4 Rc8 28. Bb1 bxc4
29. Nxe4 Qe7 30. d6 Qb7 31. Nf6+ gxf6 32. d7 Qxh1+ 33. Ke2 Qxh5+ 34. Kf1 c3 35.
dxc8=Q cxd2 36. Qxf5 Qxd1+ 37. Kg2 Bd5+ 38. Kh2 Qh1+ 39. Kg3 Qg2+ 40. Kh4 Qh2+
41. Kg4 d1=Q+ 42. f3 Qxf3# {Normal} 0-1

[Event "Rated Blitz game"]
[Site "?"]
[Date "2021.10.09"]
[Round "?"]
[White "Wisserke"]
[Black "RiskyBlitzer"]
[Result "1-0"]
[WhiteElo "2443"]
[BlackElo "2518"]
[PlyCount "127"]
[EventDate "2021.??.??"]
[EventType "blitz"]

1. e4 e5 2. Nf3 d5 3. Nxe5 dxe4 4. d4 Bd6 5. Nc4 Nc6 6. Nxd6+ Qxd6 7. c3 f5 8.
Be2 Nf6 9. Nd2 Bd7 10. Nc4 Qe7 11. Bf4 Nd5 12. Be5 b5 13. Ne3 Nxe3 14. fxe3
Nxe5 15. dxe5 Qxe5 16. O-O Rd8 17. Qb3 a6 18. a4 c6 19. axb5 axb5 20. Ra7 Be6
21. Qa3 Qd6 22. Qxd6 Rxd6 23. Rd1 Rxd1+ 24. Bxd1 O-O 25. Kf2 h6 26. g3 Rd8 27.
Ke1 Bf7 28. Rc7 Rd6 29. b4 Be8 30. Bb3+ Kf8 31. Bc2 g6 32. h4 h5 33. Bb1 Bd7
34. Bc2 Ke7 35. Ke2 Kd8 36. Ra7 Kc8 37. Ke1 Kb8 38. Ra1 Kb7 39. Rd1 Kc7 40. Bb3
Be8 41. Ra1 Kb7 42. Rd1 Rxd1+ 43. Kxd1 Kb6 44. Kd2 c5 45. Ba2 Kc6 46. Bb3 Kd6
47. Ba2 c4 48. Ke2 Ke5 49. Kf2 Kf6 50. Bb1 g5 51. Kg2 Bc6 52. Kf2 Ke5 53. Bc2
f4 54. hxg5 fxg3+ 55. Kxg3 Kf5 56. Kh4 Be8 57. Bd1 Bc6 58. Kxh5 Be8+ 59. Kh6
Ke6 60. Bh5 Bd7 61. Bg4+ Ke7 62. Bxd7 Kxd7 63. g6 Ke6 64. g7 {Normal} 1-0